000 00382cam a2200145ua 4500
041 _aeng
_h
082 _a828.09
_bCLE/DE
100 _aClemen, Wolfgang H .
245 _aDevelopment of Shakespear`s imagery /
_cWolfgang H Clemen.
_hTextual Documents
260 _aLondon :
_bMethuen and Co. Ltd ,
_c1966.
300 _a236 ; .
504 _a
942 _cBK
999 _c7675
_d7675